000 00516nam a2200193Ia 4500
003 GCL
008 140319s9999 xx 000 0 aRus d
040 _aGCL /
_cGCL
082 0 4 _a863
_bP E
100 1 _aPISON, IGNACIO MARTINEZ DE
245 1 0 _aEL FIN DE LOS BUENOS TIEMPOS /
_cPISON, IGNACIO MARTINEZ DE
260 _a[S.N] :
_bEDITORIAL ANAGRAMA ،
_c1994
300 _a157 P
650 0 4 _aLITERATURE
650 0 4 _aFICTION
650 0 4 _aSPANISH LITERATURE
650 0 4 _aSPANISH FICTION
942 _2ddc
_cBK
999 _c17519
_d17519